1992 science year : (Запис № 464617)

МАРК-запис
000 -LEADER
fixed length control field 01531nam a2200313Ma 4500
001 - CONTROL NUMBER
control field 1992scienceyearw00chic
003 - CONTROL NUMBER IDENTIFIER
control field CaSfIA
005 - DATE AND TIME OF LATEST TRANSACTION
control field 20210117181553.0
007 - PHYSICAL DESCRIPTION FIXED FIELD--GENERAL INFORMATION
fixed length control field cr||||
008 - FIXED-LENGTH DATA ELEMENTS--GENERAL INFORMATION
fixed length control field 920707s1991 iluabc b 001 0 eng d
040 ## - CATALOGING SOURCE
Original cataloging agency AU@
Language of cataloging eng
Transcribing agency AU@
Modifying agency YDXCP
-- CaSfIA
020 ## - INTERNATIONAL STANDARD BOOK NUMBER
International Standard Book Number 0716605929
020 ## - INTERNATIONAL STANDARD BOOK NUMBER
International Standard Book Number 9780716605928
035 ## - SYSTEM CONTROL NUMBER
System control number (OCoLC)221165038
082 04 - DEWEY DECIMAL CLASSIFICATION NUMBER
Classification number 509
Edition number 20
029 0# - (OCLC)
OCLC library identifier AU@
System control number 000009100340
245 00 - TITLE STATEMENT
Title 1992 science year :
Medium [electronic resource]
Remainder of title the World book annual science supplement : a review of science and technology during the 1991 school year.
246 3# - VARYING FORM OF TITLE
Title proper/short title Science year :
Remainder of title the World book annual science supplement
260 ## - PUBLICATION, DISTRIBUTION, ETC. (IMPRINT)
Place of publication, distribution, etc Chicago :
Name of publisher, distributor, etc World Book,
Date of publication, distribution, etc c1991.
300 ## - PHYSICAL DESCRIPTION
Extent 400 p. :
Other physical details col. ill., maps, ports. ;
Dimensions 26 cm.
504 ## - BIBLIOGRAPHY, ETC. NOTE
Bibliography, etc Includes bibliographical references and index.
506 ## - RESTRICTIONS ON ACCESS NOTE
Standardized terminology for access restriction Необхідна авторизація на https://archive.org/ (створення облікового запису безкоштовно)
506 ## - RESTRICTIONS ON ACCESS NOTE
Standardized terminology for access restriction Необхідна авторизація на https://openlibrary.org/ (створення облікового запису безкоштовно)
650 #0 - SUBJECT ADDED ENTRY--TOPICAL TERM
Topical term or geographic name as entry element Science
General subdivision History.
856 41 - ELECTRONIC LOCATION AND ACCESS
Uniform Resource Identifier <a href="http://www.archive.org/details/1992scienceyearw00chic">http://www.archive.org/details/1992scienceyearw00chic</a>
Public note Free eBook from the Internet Archive
856 42 - ELECTRONIC LOCATION AND ACCESS
Uniform Resource Identifier <a href="http://www.openlibrary.org/books/OL24199126M">http://www.openlibrary.org/books/OL24199126M</a>
Public note Additional information and access via Open Library
942 ## - ADDED ENTRY ELEMENTS (KOHA)
Koha item type ЕКнига

Немає доступних примірників.